阿曼達的瘋狂大夢 : 乘法的秘密

資料類型: Book 圖書   書目號:34590

Leader xxxxxxxxxx
001 __ PCLIS00034590
005 __ 20210831132847.0
010 0_ |a957-32-5126-4|b精裝|dNT$280
100 __ |a20040227d2004       y0chiy09      e
101 1_ |achi|ceng
102 __ |atw
105 __ |aa   z   000yy
200 1_ |a阿曼達的瘋狂大夢|e乘法的秘密|f辛蒂.紐斯汪德(Cindy Neuschwander)文|g麗莎.伍卓芙(Liza Woodruff)圖|g瑪瑞琳.伯恩斯(Marilyn Burns)活動設計|g吳梅瑛譯
210 __ |a臺北市|c遠流|d2004[民93]
215 0_ |a43面|c彩圖|d28公分
225 2_ |a魔數小子|v2
260 1_ |a2004
454 _1 |12001 |aAmanda Bean's amazing dream
461 _0 |12001 |a魔數小子|v2
606 __ |2csh|a數學|x通俗作品
681 __ |a859.4|b0591|yV.2
700 _1 |a紐斯汪德|c(Neuschwander, Cindy)|4702 _1 |a|b梅瑛|4702 _1 |a伍卓芙|c(Woodruff, Liza)|4702 _1 |a柏恩斯|c(Burns, Marilyn, 1941-    )|4活動設計
770 _1 |aNeuschwander, Cindy
772 _1 |aWoodruff, Liza
772 _1 |aBurns, Marilyn|f1941-
801 _0 |atw|b靜宜|c20040227|gCCR
801 _1 |atw|b內湖高中|c20040917|gCCR
801 _2 |atw|b內湖高中|c20040917|gCCR
詳細館藏(共 1 筆)
索 書 號登 錄 號冊次號館別 / 館藏地流通類型狀態加入預約清單電子資源
859.4 / 8650 1014600 v2 圖書館 / 二樓繪本專區 可外借30天 在館   

| 條列資料




目錄查詢 分類查詢 個人資料 圖書薦購 新書查詢 閉館日 排行榜 更多電子資源 Hami書城 線上資料庫 登出

From : 216.73.216.116

  本日流通累計至 02:34:44 借閱 : 0 次 續借 : 0 次 歸還 : 0 次 預約 : 0 次 電子資源 : 0 次


內湖高中圖書館  PCLIS 版本  25.5.0.2